| 000 | 00719cab a2200229 4500 | ||
|---|---|---|---|
| 001 | WB2840-08 | ||
| 008 | 090401t1992 xxu||||| |||| 00| 0 eng d | ||
| 035 | _a(Sirsi) u38886 | ||
| 041 | _aeng | ||
| 245 | _aRecession`s victims on increase | ||
| 260 | _c1992 | ||
| 350 | _a0 | ||
| 490 |
_aBuilding _v257(7766) 16 October 1992, 10(1) |
||
| 520 | _aInsolvency experts are predicting that the construction industry will face an increase in the number and size of company failures in the coming months. | ||
| 650 | _aBANKRUPTCY | ||
| 650 | _aCOMPANY FAILURES | ||
| 650 | _aCONSTRUCTION INDUSTRY | ||
| 650 | _aRECEIVERSHIP | ||
| 690 | _aBUILDING AND CONSTRUCTION-ECONOMICS | ||
| 942 | _n0 | ||
| 948 | _c04/03/1997 | ||
| 999 |
_c24939 _d24939 |
||